Statistics for Chancellors of Germany(1871-present)

Click here to take the quiz!

General Stats

  • This quiz has been taken 1,176 times
  • The average score is 13 of 33

Answer Stats

Years in Office Answer % Correct
2005-PresentAngela Merkel
98%
1933-1945Adolf Hitler
96%
1982-1998Helmut Kohl
85%
1871-1890Otto Von Bismarck
84%
1949-1963Konrad Adenauer
78%
1998-2005Gerhard Schroder
76%
1969-1974Willy Brandt
74%
1974-1982Helmut Schmidt
70%
1963-1966Ludwig Erhard
49%
1966-1969Kurt Kiesinger
45%
1932Franz Von Papen
42%
1918-1919Friedrich Ebert
38%
1945Joseph Goebbels
38%
1923Gustav Stresemann
34%
1932-1933Kurt Von Schleicher
30%
1920Hermann Muller
27%
1919Philipp Scheidemann
25%
1930-1932Heinrich Bruning
25%
1918Max Von Baden
24%
1923-1924Wilhelm Marx
22%
1890-1894Leo Von Caprivi
21%
1909-1917Theobald Von Bethmann-Hollweg
20%
1900-1909Bernhard Von Bulow
20%
1925-1926Hans Luther
18%
1922-1923Wilhelm Cuno
17%
1921-1922Joseph Wirth
17%
1919-1920Gustav Bauer
17%
1894-1900Chlodwig Hohenlohe
17%
1917Georg Michaelis
15%
1920-1921Constantin Fehrenbach
15%
1917-1918Georg Von Hertling
14%

Score Distribution

Percentile by Number Answered

Percent of People with Each Score

Your Score History

You have not taken this quiz